| 000 | 00866nam a2200301Ia 4500 | ||
|---|---|---|---|
| 003 | OSt | ||
| 005 | 20221006160318.0 | ||
| 006 | a|||||r|||| 00| 0 | ||
| 007 | ta | ||
| 008 | 221006b |||||||| |||| 00| 0 kor d | ||
| 020 | _a 9788960002265 (V.2) | ||
| 020 |
_a9788982206856 (V.1) _cW21,500+19,500 |
||
| 024 | _a44,901 | ||
| 037 |
_bGift, KCC (Window on Korea) _cTextual |
||
| 040 |
_aEASL _cEASL _bkor |
||
| 041 |
_2kor _akor |
||
| 082 | _aP495, Q3 | ||
| 100 |
_aRevere Stephen _9672868 |
||
| 245 | 0 | _aSurvival Korean | |
| 260 |
_aSeoul _bNexus Korea _c2013 |
||
| 300 |
_a272+252p. CD - 4 _ccm. |
||
| 490 | _vV.2: Basic grammar skills V.1KL | ||
| 500 | _aAccompanying CD - 4 | ||
| 650 | _a KL | ||
| 650 | _aKorea - Language | ||
| 942 |
_hP495, Q3 _cTEXL _2CC |
||
| 999 |
_c1112993 _d1112993 |
||